000 01010nam a22003497a 4500
001 0053749
003 KOHA_MİRAKIL
005 20260207003925.0
007 ta
008 151112b2015 tu a|||gr||||#||||0|tur |
020 _a9786059129183
040 _aTR-BiSEU
_btur
_cTR-BiSEU
_erda
041 0 _atur
044 _ctu
050 _aQA76.73.C15
_bK37 2015
100 1 _aKaraçay, Timur.
245 1 _a/
_cTimur Karaçay ; Timur Karaçay.
264 1 _aİstanbul :
_bAbaküs Yayınları
_c2015
300 _aXIV, 465 sayfa :
_bresimli ;
_c25 cm.
336 _ametin
_btxt
_2rdacontent
337 _aaracısız
_bn
_2rdamedia
338 _acilt
_bnc
_2rdacarrier
490 1 _aAbaküs ;
_v016.
500 _aDizin var.
500 _aKaynakça var.
650 0 _aC (Bilgisayar program dili)
_91776
650 0 _aC (Computer program language)
_91567
650 0 _aBilgisayar programlama
_93760
650 0 _aComputer programming
_93761
830 1 _aAbaküs ;
_v016.
_9100171
942 _2lcc
_cBK
999 _c53558
_d53558